000 00785nam a2200205 i 4500
001 189987
003 ES-MaACL
005 20230906223617.0
008 200303s1969 sp |||| | spa d
080 _a351.751(460)
100 1 _aMolinero, César.
_981995
245 1 3 _aLa policía de la prensa /
_cpor César Molinero Santamaría.
260 _aBarcelona :
_b[Universidad, Facultad de Derecho],
_c1969.
300 _a15 p. ;
_c24 cm.
502 _aTesis-Univ. Barcelona (Extracto)
594 _aPrecede al tít.: Universidad de Barcelona. Secretariado de Publicaciones, Intercambio Científico y Extensión Universitaria.
650 4 _aLibertad de prensa-
_zEspaña.
_914414
710 2 _aUniversidad de Barcelona.
_bFacultad de Derecho.
_97147
852 4 _aES-MaACL
_jP-1414-7
999 _c189987
_d189987